Usborne illustrated to Greek myths & legends / (Record no. 7654)

MARC details
000 -LEADER
fixed length control field 00989nam a22002657a 4500
001 - CONTROL NUMBER
control field 7654
003 - CONTROL NUMBER IDENTIFIER
control field FISKH
005 - DATE AND TIME OF LATEST TRANSACTION
control field 20250729160811.0
008 - FIXED-LENGTH DATA ELEMENTS--GENERAL INFORMATION
fixed length control field 250729b cb ||||| |||| 00| 0 eng d
020 ## - INTERNATIONAL STANDARD BOOK NUMBER
International Standard Book Number 9780439326438
040 ## - CATALOGING SOURCE
Original cataloging agency FISKH
Language of cataloging eng
Transcribing agency FISKH
Modifying agency FISKH
050 ## - LIBRARY OF CONGRESS CALL NUMBER
Classification number BL782
082 ## - DEWEY DECIMAL CLASSIFICATION NUMBER
Classification number 292.13
100 ## - MAIN ENTRY--PERSONAL NAME
Personal name Evans, Chery
245 ## - TITLE STATEMENT
Title Usborne illustrated to Greek myths & legends /
Statement of responsibility, etc. By Chery Evans and Anne Millard : With illustrations by Rodney Matthews
250 ## - EDITION STATEMENT
Edition statement First Scholastic printing, September 2001
260 ## - PUBLICATION, DISTRIBUTION, ETC.
Place of publication, distribution, etc. New York :
Name of publisher, distributor, etc. Scholastic ,
Date of publication, distribution, etc. 1985.
300 ## - PHYSICAL DESCRIPTION
Extent 40 pages :
Other physical details color illustrations , maps ;
Dimensions 25 cm .
520 ## - SUMMARY, ETC.
Summary, etc. Identifies the gods, goddesses, heroes, and monsters of Greek mythology, recounts the most famous stories, and briefly describes Greek history and culture.
650 ## - SUBJECT ADDED ENTRY--TOPICAL TERM
Topical term or geographic name entry element Greek mythology
Form subdivision Non-fiction
650 ## - SUBJECT ADDED ENTRY--TOPICAL TERM
Topical term or geographic name entry element Ancient history
Form subdivision Non-fiction
700 ## - ADDED ENTRY--PERSONAL NAME
Personal name Matthews, Rodney
Relator term Illustrator
942 ## - ADDED ENTRY ELEMENTS (KOHA)
Source of classification or shelving scheme Dewey Decimal Classification
Koha item type Books
Suppress in OPAC No
Holdings
Withdrawn status Lost status Source of classification or shelving scheme Damaged status Not for loan Collection Home library Current library Shelving location Date acquired Total Checkouts Full call number Barcode Date last seen Price effective from Koha item type
    Dewey Decimal Classification     Non-Fiction Footprints International School Library Network Toul Tom Poung Campus Footprints International School Library Network Toul Tom Poung Campus TTP Secondary Non-Fiction Bookshelves 07/29/2025   EVA 292.13 BL782 FISSE01030 07/29/2025 07/29/2025 Books